00894cam a22002291 4500001001300000003000400013005001700017008004100034010001700075035001900092040002700111042001200138050003300150100003600183245011400219260007800333300005400411410008000465504003600545650004700581700003600628agr65000297 DLC20260227111024.0780209s1965 dcuab f001 0 eng  aagr65000297  a(OCoLC)3620965 aDLCcMsHaUdOCoLCdDLC apremarc00aS591b.A22 ser. 1961, no. 171 aCamp, Wallace Jefferson,d1906-10aSoil survey, York County, South Carolina.c[Report by Wallace J. Camp. Fieldwork by W. A. Davis and others.] aWashington]bU.S. Dept. of Agriculture, Soil Conservation Service,c1965. ai, 113 p.billus., maps (part fold. col.)c28 cm.10aUnited States.bSoil Conservation Service.tSoil survey, ser. 1961,vno. 17 a"Literature cited": p. 106-107. 0aSoil surveyszSouth CarolinazYork County.1 aDavis, William Anderson,d1893-